00405nam a2200121Ia 4500008004100000020001400041245006300055260005100118516002000169650001700189830002600206856005100232150121s9999 xx 000 0 und d a0117-4185 aInternational Rice Research Notes /h[electronic resource] bInternational Rice Research Institutel,c2006. aElectronic text aAgriculture. aPhilippine E-Journals uhttp://www.ejournals.ph/index.php?journal=IRRN